Индивидуализация профессиональной подготовки специалистов в системе последипломного образования: технологическое обеспечение; Межкультурная коммуникация: теория и практика; Ч. 2

מידע ביבליוגרפי
Parent link:Межкультурная коммуникация: теория и практика: сборник статей X Международной научно-практической конференции "Лингвистические и культурологические традиции образования", 12-14 ноября 2010 г., Томск/ Национальный исследовательский Томский политехнический университет (ТПУ), Энергетический институт (ЭНИН) ; под ред. Н. А. Качалова.— , 2010.— 5-87307-103-9
Ч. 2.— 2010.— С. 123-127
מחבר ראשי: Смышляева Л. Г. Лариса Германовна
שפה:רוסית
יצא לאור: 2010
נושאים:
פורמט: Book Chapter
KOHA link:https://koha.lib.tpu.ru/cgi-bin/koha/opac-detail.pl?biblionumber=238780

MARC

LEADER 00000naa2a2200000 4500
001 238780
005 20231031205232.0
035 |a (RuTPU)RU\TPU\book\259987 
035 |a RU\TPU\book\259977 
090 |a 238780 
100 |a 20130531d2010 k y0rusy50 ca 
101 0 |a rus 
102 |a RU 
200 1 |a Индивидуализация профессиональной подготовки специалистов в системе последипломного образования: технологическое обеспечение  |f Л. Г. Смышляева 
320 |a Библиогр.: с. 127 (6 назв.) 
461 0 |0 (RuTPU)RU\TPU\book\251515  |y 5-87307-103-9  |t Межкультурная коммуникация: теория и практика  |o сборник статей X Международной научно-практической конференции "Лингвистические и культурологические традиции образования", 12-14 ноября 2010 г., Томск  |o в 2 ч.  |f Национальный исследовательский Томский политехнический университет (ТПУ), Энергетический институт (ЭНИН) ; под ред. Н. А. Качалова  |d 2010 
463 0 |0 (RuTPU)RU\TPU\book\250302  |t Ч. 2  |v С. 123-127  |d 2010  |p 234 с. 
610 1 |a труды учёных ТПУ 
610 1 |a подготовка специалистов 
610 1 |a профессиональная подготовка 
610 1 |a последипломное обучение 
610 1 |a индивидуализация 
610 1 |a технологическое обеспечение 
700 1 |a Смышляева  |b Л. Г.  |c лингвист  |c доцент Томского политехнического университета, кандидат педагогических наук  |f 1970-  |g Лариса Германовна  |2 stltpush  |3 (RuTPU)RU\TPU\pers\27005 
801 1 |a RU  |b 63413507  |c 20130528 
801 2 |a RU  |b 63413507  |c 20130912  |g RCR 
942 |c BK